| 000 | 00612nam a22001937a 4500 | ||
|---|---|---|---|
| 999 |
_c3909 _d3909 |
||
| 003 | AR-CdUCM | ||
| 008 | 190307b ||||| |||| 00| 0 spa d | ||
| 040 |
_aMUNICIPALIDAD PROVINCIAL DEL CUSCO _cBIBLIOTECA MUNICIPAL DEL CUSCO |
||
| 082 |
_a860.2 / _bM42 |
||
| 100 |
_aMéndez Alpire, Ronald _912532 |
||
| 245 | _aSanta Cruz en los tiempos de los Incestuosos / | ||
| 260 |
_aLa Paz Bolivia : _bEdiciones Nogales, _c1993. |
||
| 300 |
_a161 páginas ; _c20 cm. |
||
| 650 |
_aNovela Boliviana _912533 |
||
| 650 |
_aEscritores Bolivianos _910228 |
||
| 650 |
_aLiteratura _983 |
||
| 942 |
_2ddc _cLIBROS |
||
| 945 | _admma | ||